000 00856cam a22002531 4500
001 sa 68013874
003 DLC
005 20260227112627.0
008 860317s1964 io 000 0 ind
010 _asa 68013874
035 _a(OCoLC)13303018
040 _aDLC
_cCU
_dCU
_dMiU
_dDLC
042 _apremarc
043 _aa-io---
050 0 0 _aHD70.I5
_bP35
100 1 _aPanglaykim, J.
245 1 0 _aKaum manager Indonesia,
_bkekuatan sosial jang revolusionair
_c[oleh J. Panglaykim]
260 _aDjakarta,
_c[1964]
300 _a10 p.
_c32 cm.
500 _aAt head of title: Lembaga Management, Fakultas Ekonomi, Universitas Indonesia.
500 _a"Pidato jang diutjapakan pada memperkenalkan Lembaga Management/penbukaan LPK ke-v ..."
650 0 _aIndustrial management
_zIndonesia.
710 2 _aUniversitas Indonesia.
_bLembaga Management.
999 _c85416
_d85416